Čo má každý vedieť o brušnom týfe

Bibliographic Details
Main Author: Mucha, Vojtech, 1902-1984 (Author)
Format: Book
Language:Slovak
Published: Bratislava Hlavný stan Slovenského Červeného kríža 1944
Subjects:

MARC

LEADER 00000nam a2200000 a 4500
001 vtls011864505
003 SK-MaSNL
005 20260301184653.0
008 200228s1944 xo 000 0 slo
015 |a SNBA19421945-049/1004 
035 |a urn:nbn:sk:snk-am00dczx 
035 |a urn:nbn:sk:snk-am3hxzl 
035 |a 467B6006-C022-4F4F-BDB3-8D5033359E2A 
040 |a SNK  |b slo  |c SNK  |e AACR2 
041 0 |a slo 
044 |a xo  |c SK 
100 1 |a Mucha, Vojtech,  |d 1902-1984  |4 aut  |9 37099 
245 1 0 |a Čo má každý vedieť o brušnom týfe  |c J. Vojtech Mucha 
260 |a Bratislava  |b Hlavný stan Slovenského Červeného kríža  |c 1944  |e Bratislava  |f Ľudotypia 
300 |a 6 s.  |c 21 cm 
650 0 7 |a prevencia ochorení  |2 SNKPH  |9 69501 
650 0 7 |a brušný týfus  |2 SNKPH  |9 66846 
655 7 |a brožúry  |2 SNKPH  |9 70146 
958 |a RK 
958 |a TL 
958 |a MI 
999 |c 861221  |d 863151 
952 |a SNK  |b SNK  |y PREZ  |7 0  |p 17A0772596  |o snkSC 6525  |i snk5414/55  |0 0  |1 0  |4 0  |d 2019-05-06  |f 1  |l 0  |r 2025-07-04 00:00:00  |w 2026-02-24